| 000 | 00681nam a22002177a 4500 | ||
|---|---|---|---|
| 003 | OSt | ||
| 005 | 20230914152542.0 | ||
| 008 | 221006b |||||||| |||| 00| 0 eng d | ||
| 040 | _cBiblioteca Lado V | ||
| 082 |
_a708 _bM977m |
||
| 100 |
_91062 _aMurillo Ugalde, Guillermo _eautor |
||
| 245 | _aMemo/ | ||
| 260 |
_aCosta Rica _bWilko _c1998 |
||
| 300 |
_c14x21cm _a16p. |
||
| 366 | _espa | ||
| 650 |
_2Tesauro de Arte & Arquitectura _aARTE _9703 |
||
| 650 |
_2Tesauro de Arte & Arquitectura _aCATALOGO _9702 |
||
| 650 |
_2Tesauro de Arte & Arquitectura _aPINTURA _9702 |
||
| 650 |
_2Tesauro de Arte & Arquitectura _aGRABADO |
||
| 942 |
_2ddc _c1 _h708 _iM977m _n0 |
||
| 999 |
_c4331 _d4331 |
||